| 000 | 00929nam a2200205Ia 4500 | ||
|---|---|---|---|
| 003 | Ost | ||
| 005 | 20260507075647.0 | ||
| 008 | 260507s9999||||xx |||||||||||||| ||und|| | ||
| 040 | _cfsecg | ||
| 041 | _aara | ||
| 082 | _a519.2 | ||
| 100 |
_aالمدني، محمد غالب _eمؤلف |
||
| 245 | 0 |
_aالإحتمالات والإحصاء / _c محمد غالب المدني |
|
| 260 |
_aالرياض: _bمركز النشر العلمي, _c1992 |
||
| 300 |
_a483 صفحة؛ _bإيضاحات ؛ _c24 سم |
||
| 520 | _aالإحتمالات- المتغيرات العشوائية- بعض توزيعات الإحتمال- المتقطعة- بعض توزيعات الإحتمال المستمرة- دوال المتغيرات العشوائية- نظرة التقدير- إختيارات الفرضيات- الإنحدار والإرتباط. | ||
| 653 | _aالإحتمالات | ||
| 653 | _aالإحصاء | ||
| 942 | _cكتاب | ||
| 999 |
_c45508 _d45508 |
||